[Event "Titled Tuesday intern op 26th Jan"]
[Site "Chess.com INT"]
[Date "2021.01.26"]
[Round "7"]
[White "Berdychevskaya, Natasha"]
[Black "Silich, Yahor"]
[Result "1-0"]
[WhiteElo "2208"]
[BlackElo "2330"]
[PlyCount "71"]
[EventDate "2021.01.26"]
[EventType "swiss (blitz)"]
[EventRounds "11"]
[EventCountry "USA"]
[SourceTitle "CBM 200 Extra"]
[Source "ChessBase"]
[SourceDate "2021.03.31"]
[SourceVersion "1"]
[SourceVersionDate "2021.03.31"]
[SourceQuality "1"]

1. e4 c5 2. Nf3 Nc6 3. d4 cxd4 4. Nxd4 g6 5. Nc3 Bg7 6. Nb3 Nf6 7. Be2 d6 8. Bg5 0-0 9. 0-0 a6 10. a4 Bd7 11. Re1 Rc8 12. Bf1 Ne5 13. Nd5 Nxd5 14. exd5 Re8 15. Nd4 Nc4 16. Nc6 Bxc6 17. Bxc4 Bd7 18. Bf1 Qb6 19. Bxe7 Qxb2 20. Rc1 Be5 21. Bh4 Bxa4 22. Bd3 Qd4 23. Re4 Bxh2+ 24. Kxh2 Rxe4 25. Bxe4 Qxe4 26. Bg3 Rxc2 27. Bxd6 Rxc1 28. Qxc1 Qxd5 29. Qc8+ Kg7 30. Qf8+ Kf6 31. Qe7+ Kg7 32. Qf8+ Kf6 33. Qe7+ Kf5 34. f3 h5 35. Kh3 Qb3 36. Qe5# 1-0

[Event "Titled Tuesday intern op 26th Jan"]
[Site "Chess.com INT"]
[Date "2021.01.26"]
[Round "5"]
[White "Torres Hernandez, Leslie Carolin"]
[Black "Berdychevskaya, Natasha"]
[Result "0-1"]
[WhiteElo "1884"]
[BlackElo "2208"]
[PlyCount "58"]
[EventDate "2021.01.26"]
[EventType "swiss (blitz)"]
[EventRounds "11"]
[EventCountry "USA"]
[SourceTitle "CBM 200 Extra"]
[Source "ChessBase"]
[SourceDate "2021.03.31"]
[SourceVersion "1"]
[SourceVersionDate "2021.03.31"]
[SourceQuality "1"]

1. e4 e5 2. Nf3 Nf6 3. Bc4 Nxe4 4. Nxe5 d5 5. Bb3 Bd6 6. Nf3 c6 7. 0-0 0-0 8. d4 Bg4 9. h3 Bh5 10. Nbd2 Nxd2 11. Bxd2 Bc7 12. g3 Nd7 13. Kg2 Qf6 14. g4 Bg6 15. Re1 Be4 16. c3 Qd6 17. Rh1 f5 18. Bc2 fxg4 19. Bxe4 dxe4 20. Ng5 e3 21. Bxe3 Qd5+ 22. Kg1 g3 23. fxg3 h6 24. Qg4 hxg5 25. Bxg5 Rf3 26. Bh4 Raf8 27. Rh2 Qc4 28. Qxd7 Rf1+ 29. Kg2 Qe2# 0-1

[Event "Titled Tuesday intern op 22nd Dec"]
[Site "Chess.com INT"]
[Date "2020.12.22"]
[Round "6"]
[White "Berdychevskaya, Natasha"]
[Black "Shubenkova, Veronika"]
[Result "1-0"]
[WhiteElo "2208"]
[BlackElo "1816"]
[PlyCount "29"]
[EventDate "2020.12.22"]
[EventType "swiss (blitz)"]
[EventRounds "11"]
[EventCountry "USA"]
[SourceTitle "CBM 199 Extra"]
[Source "ChessBase"]
[SourceDate "2021.01.31"]
[SourceVersion "1"]
[SourceVersionDate "2021.01.31"]
[SourceQuality "1"]

1. e4 c6 2. d4 d5 3. f3 dxe4 4. Nc3 exf3 5. Nxf3 Nf6 6. Bc4 e6 7. 0-0 Be7 8. Ne5 0-0 9. Bg5 Nbd7 10. Qe2 Nxe5 11. dxe5 Nd5 12. Bxe7 Qxe7 13. Ne4 b5 14. Bd3 Qg5 15. Nxg5 1-0

[Event "Titled Tuesday intern op 22nd Dec"]
[Site "Chess.com INT"]
[Date "2020.12.22"]
[Round "4"]
[White "Uddin, Mubassar"]
[Black "Berdychevskaya, Natasha"]
[Result "1-0"]
[WhiteElo "2087"]
[BlackElo "2208"]
[PlyCount "69"]
[EventDate "2020.12.22"]
[EventType "swiss (blitz)"]
[EventRounds "11"]
[EventCountry "USA"]
[SourceTitle "CBM 199 Extra"]
[Source "ChessBase"]
[SourceDate "2021.01.31"]
[SourceVersion "1"]
[SourceVersionDate "2021.01.31"]
[SourceQuality "1"]

1. d4 d5 2. c4 c5 3. cxd5 Qxd5 4. Nf3 cxd4 5. Nc3 Qa5 6. Nxd4 Nf6 7. Bf4 Nd5 8. Bd2 e5 9. Nb3 Qd8 10. e4 Nxc3 11. Bxc3 Qxd1+ 12. Rxd1 Nc6 13. Bb5 f6 14. Ke2 Be7 15. f3 0-0 16. Bc4+ Kh8 17. Rhe1 a6 18. Na5 Nd8 19. h4 Rb8 20. h5 Ne6 21. g3 b5 22. Nc6 Rb7 23. Nxe7 Rxe7 24. Bb4 bxc4 25. Bxe7 Re8 26. Bb4 Nd4+ 27. Kf2 Nc2 28. Bc3 Nxe1 29. Kxe1 Be6 30. Rd6 Bc8 31. a3 Kg8 32. Rc6 Kf7 33. Rxc4 Ke6 34. Rc7 Re7 35. Rxc8 1-0